| 000 | 00500nam a22001937a 4500 | ||
|---|---|---|---|
| 003 | MPLRDC | ||
| 005 | 20220104195547.0 | ||
| 008 | 210129b ||||| |||| 00| 0 eng d | ||
| 020 | _a978-986-5950-36-1 | ||
| 082 | _a494.23 SBC | ||
| 100 | _a彼得.舒伯兹 | ||
| 245 |
_a做人有气度,做事有尺度 _c |
||
| 250 | _a初版一刷 | ||
| 260 |
_a台湾 _b海洋文化有限公司 _c2013 |
||
| 300 | _b平 | ||
| 490 | _a顶尖领导180 | ||
| 650 | _a组织管理 | ||
| 942 |
_cBK _o494.23 SBC |
||
| 999 |
_c66232 _d66222 |
||